Sting and Police Songs - Statistics

General Stats
  • This quiz has been taken 233 times
  • The average score is 8 of 15
Answer Stats
Hint Answer % Correct
Oh can't you see / You belong to me Every Breath You Take
87%
You don't have to wear that dress tonight / Walk the streets for money Roxanne
85%
You'll remember me when the west wind moves / Upon the fields of barley Fields of Gold
82%
I don't drink coffee I take tea my dear / I like my toast done on one side Englishman in New York
80%
Love can mend your life / But love can break your heart Message in a Bottle
65%
Giant steps are what you take / _______ __ ___ ____ Walking on the Moon
65%
Wet bus stop, she's waiting / His car is warm and dry Don't Stand So Close
62%
Even though my life before was tragic / Now I know my love for her goes on Every Little Thing She Does is Magic
59%
There's no such thing as a winnable war / It's a lie we don't believe anymore Russians
47%
I will listen hard to your tuition / And you will see it come to its fruition Wrapped Around Your Finger
37%
My sisters and I / Have this wish before we die Tea in the Sahara
29%
Poets, priests and politicians / Have words to thank for their positions De Do Do Do, De Da Da Da
28%
You can't control an independent heart / Can't tear the one you love apart If You Love Somebody Set Them Free
26%
Then let me build a bridge / For I cannot fill the chasm Fortress Around Your Heart
19%
She walks everyday through the streets of New Orleans / She's innocent and young from a family of means Moon Over Bourbon Street
19%
No matching quizzes found
Score Distribution
Percent of People with Each Score
Percentile by Number Answered
Your Score History
You have not taken this quiz